Globalizačné aspekty ako proces vytvárania bankopoisťovníctva

Vplyv globalizácie na diverzifikáciu finančných portfólií. Príčiny a javy vzrastajúcej prepojenosti trhov v dôsledku celosvetových globalizačných trendov. Globalizácia svetovej ekonomiky. Globalizačné a integračné tendencie vo vývoji bankovníctva. Technická a technologická inovácia. Deregulácia v ba...

Full description

Saved in:
Bibliographic Details
Main Author: Korauš, Antonín
Format: Book Chapter
Language:Slovak
Subjects:
Tags: Add Tag
No Tags, Be the first to tag this record!

MARC

LEADER 00000naa$a2200000$$$4500
001 0051052
005 20240502083135.2
041 0 |a slo 
044 |a CZ 
245 1 0 |a Globalizačné aspekty ako proces vytvárania bankopoisťovníctva  |c Anton Korauš 
520 |a Vplyv globalizácie na diverzifikáciu finančných portfólií. Príčiny a javy vzrastajúcej prepojenosti trhov v dôsledku celosvetových globalizačných trendov. Globalizácia svetovej ekonomiky. Globalizačné a integračné tendencie vo vývoji bankovníctva. Technická a technologická inovácia. Deregulácia v bankovníctve. Posilňovanie postavenia inštitucionálnych investorov. 
610 2 0 |a globalizácia 
610 2 0 |a integrácia ekonomická medzinárodná 
610 2 0 |a fúzie 
610 2 0 |a investori 
610 2 0 |a bankovníctvo 
610 2 0 |a spoločnosti nadnárodné 
610 2 0 |a hospodárstvo svetové 
610 2 0 |a portfólio 
610 2 0 |a bankopoisťovne 
100 1 |a Korauš, Antonín